000 00942nam a22002537i 4500
999 _c23465
_d23465
003 AR-CdUCM
008 260120b20202020 pe||||| |||| 00| 0 spa d
020 _a978-612-304-620-0
040 _aMUNICIPALIDAD PROVINCIAL DEL CUSCO
_cBIBLIOTECA MUNICIPAL DEL CUSCO
041 _hspa
082 _aES / 650.1 /
_bB31
100 _aBazán Briceño, José Luis
_952053
245 _aEmprendimiento y oportunidades de negocios :
_bEl ABC del emprendimiento y la gestión competitiva /
260 _aLima-Perú :
_bEditorial-Macro
_c2020
300 _a127 páginas. :
_c24x17 cm.
505 _aFlujo de la economía -- El emprendimiento -- El proceso creativo -- Modelos de negocio -- Tablero de experimentación
650 _aEl mercado
_99235
650 _aEmprendedor
_952054
650 _aAutodiagnóstico
_952055
650 _aIdeas innovadoras
_952056
650 _aEl modelo
_952057
942 _2ddc
_cLIBROS
945 _apbjr
_d20-01-2026